[Event "Vilafranca del Penedes op 10th"]
[Site "Vilafranca del Penedes"]
[Date "2016.04.08"]
[Round "2.8"]
[White "Pique Safont, Joan Manel"]
[Black "Puertas Rodriguez, Xavier"]
[Result "1-0"]
[WhiteElo "2172"]
[BlackElo "1962"]
[PlyCount "139"]
[EventDate "2016.04.01"]
[EventType "swiss"]
[EventRounds "8"]
[EventCountry "ESP"]
[SourceTitle "EXT 2024"]
[Source "ChessBase"]
[SourceDate "2023.10.10"]
[SourceVersion "1"]
[SourceVersionDate "2023.10.10"]
[SourceQuality "1"]

1. d4 c5 2. d5 Nf6 3. c4 b5 4. cxb5 a6 5. Nc3 axb5 6. Nxb5 Qa5+ 7. Nc3 Ba6 8. g3 d6 9. Bg2 Nbd7 10. Nh3 g6 11. 0-0 Bg7 12. Bd2 Qc7 13. Re1 0-0 14. Qc2 Rfb8 15. Ng5 c4 16. Rab1 Nc5 17. h3 Ra7 18. Red1 Rab7 19. Be3 Nfd7 20. Rd2 Qa5 21. Bd4 Bh6 22. f4 Nf6 23. Kh2 Bg7 24. Bf3 Ncd7 25. Nge4 Rc7 26. Nxf6+ Nxf6 27. e4 Nd7 28. Bxg7 Kxg7 29. Re2 Nc5 30. e5 Nd3 31. exd6 exd6 32. Qa4 Qb6 33. Qa3 Bb7 34. Ne4 Qb4 35. Qc3+ Qxc3 36. bxc3 Rd8 37. Nd2 Ba8 38. Re3 Rc5 39. Nxc4 Rxc4 40. Rxd3 Rdc8 41. Rb3 R8c7 42. Ra3 Bb7 43. Kg2 Bc8 44. Re3 Bf5 45. g4 Bd7 46. Kg3 Rb7 47. Ra6 Rb2 48. Re2 Rxe2 49. Bxe2 Rxc3+ 50. Kf2 Bb5 51. Rxd6 Bxe2 52. Kxe2 Rc2+ 53. Kd3 Rxa2 54. Rc6 Ra1 55. Kd4 h5 56. g5 Re1 57. d6 Rd1+ 58. Kc5 h4 59. Rc7 Rc1+ 60. Kd5 Rd1+ 61. Kc6 Rc1+ 62. Kd7 Rb1 63. Rc3 Ra1 64. Ke8 Re1+ 65. Kd8 Kf8 66. Rc8 Kg7 67. d7 Re4 68. Rc7 Rxf4 69. Kc8 Ra4 70. d8Q 1-0

[Event "Moia op 4th"]
[Site "Moia"]
[Date "2015.10.30"]
[Round "7"]
[White "Puertas Rodriguez, Xavier"]
[Black "Canovas Pardo, Jordi"]
[Result "1/2-1/2"]
[WhiteElo "1957"]
[BlackElo "1989"]
[PlyCount "48"]
[EventDate "2015.09.18"]
[EventType "swiss"]
[EventRounds "8"]
[EventCountry "ESP"]
[SourceTitle "EXT 2017"]
[Source "ChessBase"]
[SourceDate "2016.10.25"]
[SourceVersion "1"]
[SourceVersionDate "2016.10.25"]
[SourceQuality "1"]

1. f4 d5 2. Nf3 Nf6 3. e3 Bg4 4. b3 e6 5. Bb2 Be7 6. Be2 Nbd7 7. 0-0 0-0 8. Qe1 Ne4 9. d3 Bf6 10. Ne5 Bxe2 11. Qxe2 Nd6 12. Nd2 c5 13. Rf3 Nf5 14. Rh3 Nxe5 15. Bxe5 Bxe5 16. fxe5 Qg5 17. Re1 f6 18. Nf3 Qg6 19. e4 Ne7 20. exd5 Nxd5 21. Qd2 Qe8 22. Rg3 Ne7 23. Nh4 Qh5 24. Rh3 Qg5 1/2-1/2

[Event "Moia op 4th"]
[Site "Moia"]
[Date "2015.10.23"]
[Round "6"]
[White "Basora Pascual, Pau"]
[Black "Puertas Rodriguez, Xavier"]
[Result "1/2-1/2"]
[WhiteElo "1861"]
[BlackElo "1957"]
[PlyCount "41"]
[EventDate "2015.09.18"]
[EventType "swiss"]
[EventRounds "8"]
[EventCountry "ESP"]
[SourceTitle "EXT 2017"]
[Source "ChessBase"]
[SourceDate "2016.10.25"]
[SourceVersion "1"]
[SourceVersionDate "2016.10.25"]
[SourceQuality "1"]

1. e4 e5 2. Nf3 d6 3. d4 Nf6 4. dxe5 Nxe4 5. Bd3 Nc5 6. Bc4 Be6 7. Bxe6 Nxe6 8. Nc3 Nd7 9. exd6 Bxd6 10. Be3 Nf6 11. h3 0-0 12. 0-0 c6 13. Re1 Qc7 14. Qe2 Rfe8 15. Rad1 b6 16. a3 Rad8 17. Qc4 Qb7 18. Ne4 Nxe4 19. Qxe4 Ng5 20. Qg4 Nxf3+ 21. Qxf3 1/2-1/2

[Event "Moia op 4th"]
[Site "Moia"]
[Date "2015.10.02"]
[Round "3"]
[White "Puertas Rodriguez, Xavier"]
[Black "Riera Sola, Lluis"]
[Result "1/2-1/2"]
[WhiteElo "1957"]
[BlackElo "2077"]
[PlyCount "88"]
[EventDate "2015.09.18"]
[EventType "swiss"]
[EventRounds "8"]
[EventCountry "ESP"]
[SourceTitle "EXT 2017"]
[Source "ChessBase"]
[SourceDate "2016.10.25"]
[SourceVersion "1"]
[SourceVersionDate "2016.10.25"]
[SourceQuality "1"]

1. f4 d6 2. Nf3 Nf6 3. e3 g6 4. b3 Bg7 5. Bb2 0-0 6. Be2 Nbd7 7. 0-0 c6 8. Na3 Qc7 9. Qe1 b5 10. Qh4 Re8 11. c4 a6 12. Nc2 Nf8 13. d3 Bg4 14. Rae1 Bxf3 15. Bxf3 bxc4 16. dxc4 Rac8 17. e4 e5 18. f5 Qe7 19. Ne3 Rcd8 20. Ba3 Qa7 21. Kh1 Qd4 22. Re2 Qb6 23. Rd1 c5 24. g4 h6 25. Bc1 g5 26. Qg3 Qb7 27. h4 N8h7 28. Nd5 Nxd5 29. Rxd5 f6 30. Rh2 Kf7 31. Qe1 Qb6 32. Bd2 Qc6 33. Ba5 Rd7 34. Qd1 Rg8 35. h5 Rb8 36. Qd3 Bf8 37. a3 Be7 38. b4 Rdb7 39. Rd2 Nf8 40. Bd1 Nd7 41. Kg2 Nb6 42. Bxb6 Rxb6 43. bxc5 dxc5 44. Rd7 R6b7 1/2-1/2

[Event "Moia op 4th"]
[Site "Moia"]
[Date "2015.09.18"]
[Round "1"]
[White "Puertas Rodriguez, Xavier"]
[Black "Filipenko, Yan"]
[Result "1-0"]
[WhiteElo "1957"]
[BlackElo "1756"]
[PlyCount "97"]
[EventDate "2015.09.18"]
[EventType "swiss"]
[EventRounds "8"]
[EventCountry "ESP"]
[SourceTitle "EXT 2017"]
[Source "ChessBase"]
[SourceDate "2016.10.25"]
[SourceVersion "1"]
[SourceVersionDate "2016.10.25"]
[SourceQuality "1"]

1. c4 e5 2. Nc3 Nc6 3. g3 Nf6 4. Bg2 Bb4 5. Nf3 0-0 6. 0-0 d6 7. d3 Bg4 8. Bg5 Bxc3 9. bxc3 h6 10. Bxf6 Qxf6 11. Rb1 Rab8 12. h3 Bd7 13. Ne1 Nd8 14. Nc2 c6 15. d4 e4 16. Kh2 Re8 17. Ne3 h5 18. Qc2 Qg6 19. Qd2 f6 20. Rb2 Nf7 21. Rfb1 b6 22. a4 Nh6 23. a5 Nf5 24. axb6 Rxb6 25. Rxb6 axb6 26. Rxb6 Nxe3 27. Qxe3 f5 28. Qf4 Qf6 29. h4 g6 30. Rb7 Re7 31. Bf1 Kg7 32. Qd2 Be8 33. Rxe7+ Qxe7 34. Qb2 Bf7 35. e3 Qc7 36. Qb4 Kh6 37. c5 d5 38. c4 Be6 39. cxd5 Bxd5 40. Bc4 Qf7 41. Bxd5 Qxd5 42. Qb8 Kh7 43. Qc7+ Kh6 44. Kg2 Qb3 45. Qxc6 Qd1 46. Qb5 Qf3+ 47. Kg1 Qd1+ 48. Qf1 Qc2 49. Qa1 1-0